000 00444cam a2200157 a 4500
020 _a9251029822
040 _cDLC
082 0 0 _a613 FOO 1991 A045 Or.
245 0 0 _aTraditional foods in the Near East /
260 _aRome :
_bFood and Agriculture Organization of the United Nations,
_c1991.
300 _axxii, 161 p. ;
_c22 cm.
500 _a"M-76/T0359E/1/7.91/1200"--Cover.
650 0 _aDiet
700 1 _aDagher, Shawky M.
942 _cEK
999 _c13151
_d13151